Datum a čas kvízu
16
Celkem bodů
Celkový počet nahraných bodů na tomto kvízu bez doplňovacích otázek.
14.
Pořadí na kvízu
Konečné umístění týmu na tomto kvízu.
Zaznamenané odpovědi
| # | Otázka | Odpověď | Body | Výsledky |
|---|---|---|---|---|
| 1. | Minulý týden prezident podepsa... | atentát na Heydricha, odchod okupačních vojsk | 0 | |
| 2. | V Saúdské Arábii byla ve střed... | havarijní pojištění | 0 | |
| 3. | Na streamovací platformě Netfl... | Barack Obama | 1 | |
| 4. | V Brně byl minulý týden otevře... | D | 1 | |
| 5. | Bývalá světová tenisová jednič... | Kim Clijstersová | 0 | |
| 6. | V dalším díle této tematické s... | šáchor | 0 | |
| 7. | Tato dvě africká zvířátka jsou... | včel | 0 | |
| 8. | Tato kočkovitá šelma střední... | karakal | 0 | |
| 9. | Tato rostlina je významná hlav... | kadidlo | 0 | |
| 10. | Tento obyvatel subsaharské Afr... | hrabáč | 0 |